000 00803nam a2200229Ia 4500
005 20250108124757.0
008 008 250107s9999 xx 000 0 hin d
020 _a978-981-122-303-7
037 _aTB
040 _aCRL
_bhin
_cCRL
041 _ahin
_2hin
084 _aW:5.2 R2
084 _qCRL
100 _aमेहता, विमला, ले.
245 0 _aजागनी: विश्व धर्म सद्भाव को समर्पित शोध - पत्रिका: 2007
_cमेहता, विमला, ले.
260 _aदिल्ली, भारत
_bश्री प्राणनाथ मिशन
_c2149
300 _a159पृ0
365 _aINR
_b0
650 _aधर्म
942 _cTB
_hW:5.2 R2
999 _c1234537
_d1234537